00458nam a2200169Ia 450000500170000000800410001702000180005804100120007608200130008810000210010124500450012226000460016730000200021365000180023365000230025165000140027420260429111945.0260429s9999||||xx |||||||||||||| ||und|| a9788184113617 aEnglish a547bSIN aSingh, Udai Veer 0aOrganic biochemistry / cUdai Veer Singh aNew Delhi : bSonali Publications,c2025. avii, 320 p.; hb a Biochemistry a Organic chemistry aChemistry